[Event "Jastrzebia Gora Fianchetto op"]
[Site "Jastrzebia Gora"]
[Date "2014.??.??"]
[Round "2"]
[White "Witusik, Jerzy"]
[Black "Kolcz, Jozef"]
[Result "1-0"]
[WhiteElo "1789"]
[BlackElo "1563"]
[PlyCount "66"]
[EventDate "2014.08.31"]
[EventType "swiss"]
[EventRounds "9"]
[EventCountry "POL"]
[SourceTitle "CBM 162 Extra"]
[Source "ChessBase"]
[SourceDate "2014.10.17"]
[SourceVersion "1"]
[SourceVersionDate "2014.10.17"]
[SourceQuality "1"]

1. e4 e6 2. e5 d6 3. exd6 Bxd6 4. d4 h6 5. Nf3 Nf6 6. Bc4 0-0 7. 0-0 Bd7 8. Be3 Bc6 9. Nbd2 a5 10. a4 Nbd7 11. c3 Nb6 12. Bb3 Ne4 13. Nc4 Nxc4 14. Bxc4 Bd5 15. Bd3 Nf6 16. c4 Be4 17. Bxe4 Nxe4 18. c5 Be7 19. Qc2 Qd5 20. Rad1 f5 21. Ne5 f4 22. Ng6 Bg5 23. f3 fxe3 24. fxe4 Rxf1+ 25. Kxf1 Qd7 26. Ne5 Rf8+ 27. Nf3 Qf7 28. Kg1 Bf4 29. Qe2 Qh5 30. Re1 Qg4 31. b3 h5 32. d5 exd5 33. exd5 Kh8 1-0

[Event "Jastrzebia Gora Fianchetto op"]
[Site "Jastrzebia Gora"]
[Date "2014.??.??"]
[Round "7"]
[White "Witusik, Jerzy"]
[Black "Kondrusik, Aleksander"]
[Result "1-0"]
[WhiteElo "1789"]
[BlackElo "1530"]
[PlyCount "107"]
[EventDate "2014.08.31"]
[EventType "swiss"]
[EventRounds "9"]
[EventCountry "POL"]
[SourceTitle "CBM 162 Extra"]
[Source "ChessBase"]
[SourceDate "2014.10.17"]
[SourceVersion "1"]
[SourceVersionDate "2014.10.17"]
[SourceQuality "1"]

1. e4 c5 2. Nf3 d6 3. d4 cxd4 4. Nxd4 Nf6 5. Nc3 a6 6. f3 e6 7. Be3 Be7 8. Qd2 Nbd7 9. g4 b5 10. Nc6 Qc7 11. Nxe7 Kxe7 12. 0-0-0 Rd8 13. g5 Ne8 14. f4 Nc5 15. Bg2 Bb7 16. Qd4 Rac8 17. Rd2 Rd7 18. h4 Kf8 19. h5 e5 20. Qb4 exf4 21. Bxf4 Ne6 22. Be3 Kg8 23. Bh3 Qc4 24. Qxc4 Rxc4 25. g6 Re7 26. gxf7+ Kxf7 27. Rf1+ Kg8 28. Nd5 Bxd5 29. exd5 N6c7 30. Bb6 Rce4 31. b3 Re1+ 32. Rxe1 Rxe1+ 33. Kb2 Re5 34. Bg4 Kf8 35. c4 bxc4 36. bxc4 Re4 37. Rf2+ Ke7 38. Be2 g5 39. hxg6 hxg6 40. Kc3 g5 41. Kd3 Rh4 42. Be3 Rh3 43. Ke4 Nf6+ 44. Kd3 g4 45. Rg2 g3 46. Kd4 Rh2 47. Bf3 Rxg2 48. Bxg2 Nce8 49. Bg5 Ng7 50. c5 dxc5+ 51. Kxc5 Nf5 52. d6+ Nxd6 53. Bxf6+ Kxf6 54. Kxd6 1-0

[Event "Limanowa-ch 12th"]
[Site "Limanowa"]
[Date "2010.01.21"]
[Round "5"]
[White "Witusik, Jerzy"]
[Black "Sukiennik, Marek"]
[Result "1-0"]
[WhiteElo "1748"]
[BlackElo "2031"]
[PlyCount "20"]
[EventDate "2010.01.19"]
[EventType "tourn"]
[EventRounds "7"]
[EventCountry "POL"]
[SourceTitle "EXT 2023"]
[Source "ChessBase"]
[SourceDate "2022.10.05"]
[SourceVersion "1"]
[SourceVersionDate "2022.10.05"]
[SourceQuality "1"]

1. e4 c5 2. Nf3 Nc6 3. d4 cxd4 4. Nxd4 Nf6 5. Nc3 e5 6. Ndb5 d6 7. Nd5 Nxd5 8. exd5 Ne7 9. c4 a6 10. Qa4 Qd7 1-0

[Event "Wisla op"]
[Site "Wisla"]
[Date "2009.05.08"]
[Round "6"]
[White "Witusik, Jerzy"]
[Black "Zatylny, Jan"]
[Result "1-0"]
[WhiteElo "1748"]
[BlackElo "1685"]
[PlyCount "41"]
[EventDate "2009.05.04"]
[EventType "swiss"]
[EventRounds "11"]
[EventCountry "POL"]
[SourceTitle "EXT 2012"]
[Source "ChessBase"]
[SourceDate "2011.11.24"]
[SourceVersion "1"]
[SourceVersionDate "2011.11.24"]
[SourceQuality "1"]

1. e4 e6 2. d4 d5 3. e5 a6 4. c3 c5 5. Nf3 h6 6. Be2 Nc6 7. 0-0 b5 8. a3 Qc7 9. Re1 Nge7 10. Bd3 Bb7 11. Be3 c4 12. Bc2 g6 13. Nbd2 Bg7 14. h3 Qd8 15. Nf1 Bf8 16. N3h2 g5 17. Kh1 Bg7 18. Qh5 Nf5 19. Bd2 0-0 20. Qg4 Bc8 21. Ng3 1-0

[Event "Podhale-ch 18th"]
[Site "Rabka Zdroj"]
[Date "2002.02.05"]
[Round "8"]
[White "Witusik, Jerzy"]
[Black "Zarow, Zdzislaw"]
[Result "1/2-1/2"]
[WhiteElo "2000"]
[BlackElo "2025"]
[PlyCount "119"]
[EventDate "2002.02.01"]
[EventType "swiss"]
[EventRounds "9"]
[EventCountry "POL"]
[SourceTitle "EXT 2005"]
[Source "ChessBase"]
[SourceDate "2004.11.15"]
[SourceVersion "1"]
[SourceVersionDate "2004.11.15"]
[SourceQuality "1"]

1. e4 e5 2. Nf3 d6 3. Bc4 Be7 4. c3 Nf6 5. d3 Bg4 6. h3 Bh5 7. Nbd2 c6 8. a4 Nbd7 9. b4 d5 10. Bb3 Rc8 11. Bb2 0-0 12. Qc2 Re8 13. Ba3 a6 14. Qb2 b5 15. a5 Bd6 16. Nh2 Bg6 17. Bc2 Bb8 18. 0-0 Nh5 19. Ndf3 Ba7 20. Kh1 Ndf6 21. Rae1 dxe4 22. dxe4 Nf4 23. Qb1 N6h5 24. Bc1 Rc7 25. Ng4 f6 26. Kh2 Rd7 27. Rd1 Ree7 28. Be3 Bxe3 29. fxe3 Ne2 30. Bd3 Neg3 31. Rfe1 Kh8 32. Nf2 Bf7 33. Nh1 Nxh1 34. Kxh1 g5 35. g4 Ng7 36. Qc2 Rd6 37. Be2 Red7 38. Rxd6 Rxd6 39. Rd1 Kg8 40. Kg2 Qd7 41. Kg3 Be6 42. Ne1 Rxd1 43. Bxd1 h5 44. Nd3 hxg4 45. hxg4 Qd6 46. Nc5 Bc8 47. Qd3 Qxd3 48. Nxd3 Kf8 49. Bb3 Ke7 50. Nc5 Ne8 51. Kf3 Nd6 52. Nd3 Nb7 53. Kg3 Kd6 54. Kf3 Be6 55. Bxe6 Kxe6 56. Nc5+ Nxc5 57. bxc5 Kf7 58. Kg3 Kg6 59. Kf3 Kf7 60. Kg3 1/2-1/2

[Event "Podhale-ch 16th"]
[Site "Rabka Zdroj"]
[Date "2000.02.18"]
[Round "1"]
[White "Radwan, Jan"]
[Black "Witusik, Jerzy"]
[Result "0-1"]
[WhiteElo "2000"]
[BlackElo "1800"]
[PlyCount "48"]
[EventDate "2000.02.18"]
[EventType "swiss"]
[EventRounds "9"]
[EventCountry "POL"]
[SourceTitle "EXT 2005"]
[Source "ChessBase"]
[SourceDate "2004.11.15"]
[SourceVersion "1"]
[SourceVersionDate "2004.11.15"]
[SourceQuality "1"]

1. b4 e5 2. Bb2 d6 3. e3 Nf6 4. c4 Be7 5. Be2 0-0 6. Nf3 b6 7. 0-0 Bb7 8. a4 c5 9. b5 Nbd7 10. Bc3 Ne4 11. Bb2 f5 12. Qc2 Ng5 13. Nxg5 Bxg5 14. Nc3 Qe8 15. f4 exf4 16. exf4 Bf6 17. Bf3 Bxf3 18. Rxf3 Bd4+ 19. Kh1 Qg6 20. Nd5 Rae8 21. Bxd4 cxd4 22. Rg3 Qe6 23. Rf1 Nc5 24. Ra3 Qe2 0-1